LEADER 04159nam 22007214a 450 001 9910449887003321 005 20210603214453.0 010 $a9786612359651 010 $a0-520-93698-1 010 $a1-282-35965-7 010 $a1-59734-999-2 024 7 $a10.1525/9780520936980 035 $a(CKB)1000000000008496 035 $a(EBL)224293 035 $a(OCoLC)475930429 035 $a(SSID)ssj0000270691 035 $a(PQKBManifestationID)11215271 035 $a(PQKBTitleCode)TC0000270691 035 $a(PQKBWorkID)10281642 035 $a(PQKB)10849846 035 $a(StDuBDS)EDZ0000083809 035 $a(MiAaPQ)EBC224293 035 $a(OCoLC)55741729 035 $a(MdBmJHUP)muse30510 035 $a(DE-B1597)520330 035 $a(DE-B1597)9780520936980 035 $a(PPN)188921141 035 $a(Au-PeEL)EBL224293 035 $a(CaPaEBR)ebr10058578 035 $a(CaONFJC)MIL235965 035 $a(EXLCZ)991000000000008496 100 $a20020619d2003 uy 0 101 0 $aeng 135 $aur|||||||nn|n 181 $ctxt 182 $cc 183 $acr 200 00$aWhat justice? whose justice?$b[electronic resource] $efighting for fairness in Latin America /$fedited by Susan Eva Eckstein and Timothy P. Wickham-Crowley 210 $aBerkeley $cUniversity of California Press$dc2003 215 $a1 online resource (377 p.) 300 $aDescription based upon print version of record. 311 0 $a0-520-23744-7 311 0 $a0-520-23745-5 320 $aIncludes bibliographical references and index. 327 $tFront matter --$tContents --$tList of Illustrations --$tPreface --$t1. Struggles for Justice in Latin America --$t2. Social Inequality, Civil Society, and the Limits of Citizenship in Latin America --$t3. An Exception to Chilean Exceptionalism? The Historical Role of Chile's Judiciary --$t4. Presidential Crises and Democratic Accountability in Latin America, 1990-1999 --$t5. The Vicious Cycle of Inequality in Latin America --$t6. Perpetrators' Confessions: Truth, Reconciliation, and Justice in Argentina --$t7. Colombia: Does Injustice Cause Violence? --$t8. Progressive Pragmatism as a Governance Model: An In-Depth Look at Porto Alegre, Brazil, 1989-2000 --$t9. Citizen Responses to Conflict and Political Crisis in Peru: Informal Politics in Ayacucho --$t10. Social Justice and the New Indigenous Politics: An Analysis of Guatemala, the Central Andes, and Chiapas --$t11. The War of the Peace: Indigenous Women's Struggle for Social Justice in Chiapas, Mexico --$t12. Reflections on Remembrance: Voices from an Ixcán Village --$tList of Contributors --$tIndex 330 $aThe new millennium began with the triumph of democracy and markets. But for whom is life just, how so, and why? And what is being done to correct persisting injustices? Blending macro-level global and national analysis with in-depth grassroots detail, the contributors highlight roots of injustices, how they are perceived, and efforts to alleviate them. Following up on issues raised in the groundbreaking best-seller Power and Popular Protest: Latin American Social Movements (California, 2001), these essays elucidate how conceptions of justice are socially constructed and contested and historically contingent, shaped by people's values and institutionally grounded in real-life experiences. The contributors, a stellar coterie of North and Latin American scholars, offer refreshing new insights that deepen our understanding of social justice as ideology and practice. 606 $aSocial justice$zLatin America 606 $aDemocratization$zLatin America 606 $aFree trade$xSocial aspects$zLatin America 608 $aElectronic books. 615 0$aSocial justice 615 0$aDemocratization 615 0$aFree trade$xSocial aspects 676 $a303.3/72/098 701 $aEckstein$b Susan$f1942-$0133970 701 $aWickham-Crowley$b Timothy P.$f1951-$0986608 801 0$bMiAaPQ 801 1$bMiAaPQ 801 2$bMiAaPQ 906 $aBOOK 912 $a9910449887003321 996 $aWhat justice? whose justice$92478168 997 $aUNINA LEADER 03233nam 22006015 450 001 9910164955203321 005 20240605193137.0 024 7 $a10.7208/9780226433790 035 $a(CKB)3710000001063986 035 $a(MiAaPQ)EBC4805189 035 $a(StDuBDS)EDZ0001652078 035 $a(DE-B1597)524617 035 $a(OCoLC)972734388 035 $a(DE-B1597)9780226433790 035 $a(EXLCZ)993710000001063986 100 $a20191022d2017 fg 101 0 $aeng 135 $aurcnu|||||||| 181 $2rdacontent 182 $2rdamedia 183 $2rdacarrier 200 10$aEclipse of Action $eTragedy and Political Economy /$fRichard Halpern 210 1$aChicago :$cUniversity of Chicago Press,$d[2017] 210 4$d©2017 215 $a1 online resource (322 pages) 300 $aPreviously issued in print: 2017. 311 08$aPrint version : 9780226433653 320 $aIncludes bibliographical references and index. 327 $tFrontmatter --$tContents --$tAcknowledgments --$tIntroduction --$tChapter one. "Thy Bloody and Invisible Hand" --$tChapter two. Greek Tragedy and the Raptor Economy --$tChapter three. Marlowe's Theater of Night --$tChapter four. Hamlet and the Work of Death --$tChapter five. The Same Old Grind --$tChapter six. Hegel, Marx, and the Novelization of Tragedy --$tChapter seven. Beckett's Tragic Pantry --$tPostscript. After Beckett --$tNotes --$tIndex 330 $aAccording to traditional accounts, the history of tragedy is itself tragic: following a miraculous birth in fifth-century Athens and a brilliant resurgence in the early modern period, tragic drama then falls into a marked decline. While disputing the notion that tragedy has died, this wide-ranging study argues that it faces an unprecedented challenge in modern times from an unexpected quarter: political economy. Since Aristotle, tragedy has been seen as uniquely exhibiting the importance of action for human happiness. Beginning with Adam Smith, however, political economy has claimed that the source of happiness is primarily production. Eclipse of Action examines the tense relations between action and production, doing and making, in playwrights from Aeschylus, Marlowe, Shakespeare, and Milton to Beckett, Arthur Miller, and Sarah Kane. Richard Halpern places these figures in conversation with works by Aristotle, Smith, Hegel, Marx, Hannah Arendt, Georges Bataille, and others in order to trace the long history of the ways in which economic thought and tragic drama interact. 606 $aTragedy$xHistory and criticism 606 $aTragedy$xThemes, motives 606 $aEconomics in literature 610 $aaction. 610 $adrama. 610 $aeconomics. 610 $aphilosophy. 610 $apolitical economy. 610 $apolitics. 610 $asociety. 610 $atheater. 610 $atragedy. 615 0$aTragedy$xHistory and criticism. 615 0$aTragedy$xThemes, motives. 615 0$aEconomics in literature. 676 $a809.2/512 700 $aHalpern$b Richard$0866565 801 0$bDE-B1597 801 1$bDE-B1597 906 $aBOOK 912 $a9910164955203321 996 $aEclipse of Action$91934348 997 $aUNINA LEADER 04396nam 22006615 450 001 9911031634403321 005 20251006134922.0 010 $a3-031-88400-0 024 7 $a10.1007/978-3-031-88400-9 035 $a(CKB)41571850000041 035 $a(MiAaPQ)EBC32331356 035 $a(Au-PeEL)EBL32331356 035 $a(DE-He213)978-3-031-88400-9 035 $a(OCoLC)1547900777 035 $a(EXLCZ)9941571850000041 100 $a20251006d2025 u| 0 101 0 $aeng 135 $aur||||||||||| 181 $ctxt$2rdacontent 182 $cc$2rdamedia 183 $acr$2rdacarrier 200 10$aFlora and Vegetation of The Teide National Park $eIllustrated Guide to Species and Cartography /$fby Victoria Eugenia Martín Osorio, Beatriz Hernández Bolaños, Wolf-Hermann Wildpret Martín, Wolfredo Wildpret de la Torre 205 $a1st ed. 2025. 210 1$aCham :$cSpringer Nature Switzerland :$cImprint: Springer,$d2025. 215 $a1 online resource (449 pages) 225 1 $aBiomedical and Life Sciences Series 311 08$a3-031-88399-3 327 $aIntroduction to the teide national park wolfredo wildpret de la torre -- Physical environment -- Flora of the national park -- Vegetation of the national park. 330 $aThis book presents a detailed map of the Vegetation Series and Bioclimatic Belts that shape the high volcanic landscape of Tenerife. El Teide, part of the National Park of the same name, was designated a UNESCO World Heritage Site on June 28, 2007. It is also a protected natural monument, encompassing the Teide-Pico Viejo volcanic complex, a large Vesuvian-type stratovolcano that has remained dormant since the Narices del Teide eruption in 1798, although the fumaroles that regularly emit from its crater show that it remains active. Mount Teide is the third highest and most voluminous volcanic structure on Earth, following Mauna Loa and Mauna Kea in Hawaii. It is the highest elevation in both the Canary Islands and Spain. Its formation began approximately 170,000 years ago after the giant landslide destroyed a previous, even larger volcanic edifice. This book serves as an illustrated guide to the flora of Teide National Park. It provides taxonomic details, chorological distribution, and comprehensive cartography of species within the protected area. Information on endemicity, flowering and fruiting phenology, biotype, pollination, and dispersal mechanisms is included. Each species entry features a description of its genus and species, habitat, phytosociology, conservation status, threat categories, available germplasm banks, uses, and references. High-quality photographs highlight key identification traits. Additionally, the book includes a study of the main vegetation units of Tenerife?s high-altitude landscape, mapping both Vegetation Series and Bioclimatic Belts. This book is an indispensable resource for botanists, ecologists, and conservationists, offering a wealth of knowledge on Tenerife's unique high-mountain ecosystem. It is particularly valuable for researchers and students in botany and ecology, providing a thorough understanding of the island's vegetation dynamics and conservation challenges. As part of a series dedicated to the study of natural landscapes, this volume is a must-have for academic libraries and institutions focused on biodiversity and environmental preservation. 410 0$aBiomedical and Life Sciences Series 606 $aBotany 606 $aPlant physiology 606 $aPlant ecology 606 $aPlant propagation 606 $aPlant Science 606 $aPlant Physiology 606 $aPlant Ecology 606 $aPlant Domestication 615 0$aBotany. 615 0$aPlant physiology. 615 0$aPlant ecology. 615 0$aPlant propagation. 615 14$aPlant Science. 615 24$aPlant Physiology. 615 24$aPlant Ecology. 615 24$aPlant Domestication. 676 $a580 700 $aMartín Osorio$b Victoria Eugenia$01851421 701 $aHernández Bolaños$b Beatriz$01851422 701 $aWildpret Martín$b Wolf-Hermann$01851423 701 $aWildpret de la Torre$b Wolfredo$01851424 801 0$bMiAaPQ 801 1$bMiAaPQ 801 2$bMiAaPQ 906 $aBOOK 912 $a9911031634403321 996 $aFlora and Vegetation of the Teide National Park$94445233 997 $aUNINA